Noción de acto jurisdiccional
محفوظ في:
| المؤلف الرئيسي: | |
|---|---|
| التنسيق: | كتاب |
| اللغة: | الإسبانية |
| منشور في: |
Ciudad de México
Jurídica Universitaria
2001
|
| سلاسل: | Obras Selectas del Derecho Procesal, 1
|
| الموضوعات: | |
| الوسوم: |
إضافة وسم
لا توجد وسوم, كن أول من يضع وسما على هذه التسجيلة!
|
MARC
| LEADER | 00000nam a2200000 a 4500 | ||
|---|---|---|---|
| 001 | UCI4150 | ||
| 003 | CL-VaPUC | ||
| 008 | 071228e20010000MX |||||||||||||||||spa|d | ||
| 020 | |a 9968380849 Serie Completa | ||
| 020 | |a 996838030X | ||
| 082 | 0 | 4 | |a 347.02 |b LAM |2 21 |
| 100 | 0 | |a Lampué, Pierre |e author |9 525850 | |
| 245 | 1 | 0 | |a Noción de acto jurisdiccional |
| 300 | |a 60 p | ||
| 942 | |c BK | ||
| 945 | |d 20071228 00:00:00 |a rbrito | ||
| 260 | |a Ciudad de México |b Jurídica Universitaria |c 2001 | ||
| 650 | 0 | |a Derecho procesal penal |9 255496 | |
| 650 | 0 | |a Jurisdicción |9 255090 | |
| 650 | 0 | |a Jurisprudencia |9 255952 | |
| 650 | 0 | |a Cosa juzgada |9 255091 | |
| 583 | |a last modification |c 20170406 11:25:01 |k Rodrigo Vera | ||
| 490 | 0 | |a Obras Selectas del Derecho Procesal, 1 | |
| 999 | |c 328134 |d 328132 | ||
| 952 | |0 0 |1 0 |4 0 |6 347_020000000000000_LAM_2001 |7 0 |8 A |9 411913 |a BIBDER |b BIBDER |d 2019-11-22 |i 439870K |l 1 |o 347.02 LAM 2001 |p 439870K |r 2024-07-19 |s 2024-07-19 |w 2019-11-22 |y BK |k DER | ||